Los manuscritos de Madrid
Saved in:
| Hovedforfatter: | |
|---|---|
| Format: | Bog |
| Sprog: | spansk |
| Udgivet: |
Barcelona
Teide
1967
|
| Fag: | |
| Tags: |
Tilføj Tag
Ingen Tags, Vær først til at tagge denne postø!
|
MARC
| LEADER | 00000nam a2200000 a 4500 | ||
|---|---|---|---|
| 001 | UCT8425 | ||
| 003 | CL-VaPUC | ||
| 008 | 970326e19670000SP |||||||||||||||||spa|d | ||
| 082 | 0 | 4 | |a 750.1 |b LEO |2 21 |
| 100 | |a Da Vinci, Leonardo |e author |9 860455 | ||
| 245 | 1 | 4 | |a Los manuscritos de Madrid |
| 300 | |a 16 p | ||
| 942 | |c BK | ||
| 945 | |d 19970326 00:00:00 |a rleighto | ||
| 260 | |a Barcelona |b Teide |c 1967 | ||
| 650 | 0 | |a Pintura italiana |9 265293 | |
| 650 | 0 | |a Pintores italianos |9 265277 | |
| 650 | 0 | |a Manuscritos |9 313680 | |
| 583 | |a last modification |c 19970326 00:00:00 |k Rodrigo Vera | ||
| 999 | |c 256923 |d 256921 | ||
| 952 | |0 0 |1 0 |4 0 |6 750_100000000000000_LEO_1967 |7 0 |8 A |9 280083 |a BIBARQ |b BIBARQ |d 2019-11-19 |i 328977K |o 750.1 LEO 1967 |p 328977K |r 2025-01-20 |w 2019-11-19 |y BK |k ARQ | ||